000 01381nam a22002415i 4500
001 162174
003 ES-MaACL
005 20230906212439.0
008 960201s1882 sp |||| | spa d
040 _aGA
_bspa
_cCCPB | SIC
100 1 _aPiñeiro Herba, Manuel.
_9131196
245 1 0 _aDiscurso leido en la Universidad Literaria de Santiago en la solemne inaguración del curso académico de 1882 á 1883 /
_cpor Manuel Piñeiro Herba. [Memoria acerca del estado de la Universidad de Santiago en el curso de 1881 a 1882].
260 _aSantiago de Compostela :
_b[s.n.],
_c1882 (
_fOficina tipografica de D. Manuel Mirás y Alvarez)
300 _a119, 172 p. ;
_c31 cm.
505 8 _aExisten ejemplares de la ed. encuadernados con la memoria
594 _aEn cub. constan las dos obras unidas por un "y"
597 _aSegunda obra con port. y pag. propias.
597 _aPort. a tres tintas.
710 2 _aUniversidad Literaria de Santiago de Compostela.
_9135006
740 0 _aMemoria acerca del estado de la Universidad de Santiago en el curso 1881 a 1882.
852 _aES-MaACL
_jT-443-F-5
_z-- Enc. hol.
_q-- Falto de la cub. original
_q-- Falto de la segunda obra
_z-- Ejemplar mal encuadernado, existe otra obra en medio
_z-- Enc. en un vol. facticio
852 _aES-MaACL
_jT-392-F-7-8
_z-- Enc. hol.
_z-- Falto de la cub. original
_z-- Enc. en un vol. facticio
999 _c162174
_d162174